| 000 | 00829nam a2200229 a 4500 | ||
|---|---|---|---|
| 003 | DO-SdBNP | ||
| 005 | 20221121094641.0 | ||
| 007 | ta | ||
| 008 | 221121e1974 rd a|||dr|||| 001 m spa d | ||
| 020 | _a8439984669 | ||
| 040 |
_aDO-SdBNP _bspa _cBNPHU |
||
| 082 | 4 |
_222 _bT266e |
|
| 100 | 1 |
_937580 _aTejada Castillo, Ramón |
|
| 245 | 1 | 0 |
_aEspañol: _b2do. curso. / _cRamón Tejada Castillo |
| 260 |
_aSanto Domingo : _bDISESA, _c1974 |
||
| 300 |
_a207 p. : _bil. ; _c22 cm. |
||
| 500 | _aDe conformidad con los contenidos del Programa de Seguridad Curso, Plan de Reforma de 1970, y Segundo Curso, Plan Experimental de Intermedia de 1974, de la Secretaría de Estado de Educación, Bellas Artes y Cultos. | ||
| 590 | _aInventariado 2022 / MF | ||
| 650 | 4 |
_91135 _aEspañol _xLibro de Texto |
|
| 910 | _aMFeliz | ||
| 942 |
_2ddc _cLBS1 |
||
| 999 |
_c52977 _d52977 |
||